Sports Quiz

Random Sports Quiz
Score 0/57 Timer 08:00
0 Plays Today
Appearances Pitcher % Correct
69Fernando Rodney
90.5%
212Tom Wilhelmsen
86.9%
187Charlie Furbush
72.7%
9Carson Smith
70%
129Yoervis Medina
67.6%
112Danny Farquhar
67.3%
39Brandon Maurer
61.9%
181Brandon League
60.2%
110Lucas Luetge
56.5%
14Hisashi Iwakuma
55.2%
3Taijuan Walker
52.1%
12Erasmo Ramirez
51.2%
56Joe Beimel
51.1%
126David Aardsma
49.2%
57Dominic Leone
43.9%
71Carter Capps
41.6%
16Brandon Morrow
40%
34Stephen Pryor
37.5%
1Chris Young
37.5%
86Mark Lowe
36.5%
10Blake Beavan
32.7%
94Oliver Perez
30.7%
17Hector Noesi
29.5%
120Shawn Kelley
27.6%
1Doug Fister
26.6%
9Jason Vargas
24.1%
7Ryan Rowland-Smith
22.7%
90Sean White
21.7%
25Josh Lueke
18.7%
Appearances Pitcher % Correct
43David Pauley
18.5%
4Luke French
17.1%
24Jeff Gray
15.2%
4Ian Snell
14.6%
40Steve Delabar
14%
88Jamey Wright
13.9%
55Garrett Olson
13.8%
2Carlos Silva
13.7%
56Miguel Batista
13.3%
2George Sherrill
12.9%
22Chance Ruffin
11.8%
27Chris Jakubauskas
11.3%
4Kameron Loe
11.1%
16Roy Corcoran
10%
14Dan Cortes
9.2%
10Bobby LaFromboise
8.9%
9Denny Stark
8.6%
16Kanekoa Texeira
7.2%
36Aaron Laffey
7.2%
9Chad Cordero
7%
29Chris Ray
6.8%
12Jesus Colome
6.5%
8Cesar Jimenez
6.5%
35Josh Kinney
6.1%
12Randy Messenger
5.8%
14Chris Seddon
5.5%
24Brian Sweeney
4.9%
4Anthony Varvaro
4.7%
Remove Ads.
Support Sporcle.
Get the best of Sporcle when you Go Orange. This ad-free experience offers more features, more stats, and more fun while also helping to support Sporcle. Thank you for becoming a member.

You're not logged in!

Compare scores with friends on all Sporcle quizzes.
OR
Log In

Show Comments

Extras

Top Quizzes Today


Score Distribution

Your Account Isn't Verified!

In order to create a playlist on Sporcle, you need to verify the email address you used during registration. Go to your Sporcle Settings to finish the process.

Report this User

Report this user for behavior that violates our Community Guidelines.

Details: